LEADER 01109nam a2200253 u 4500 001 000000038013 003 CaOOAMICUS 005 20070226113829.0 008 980420s1933 gw u000 u ger u 035 $a10791090 040 $aPUL(R)$bita 110 1 $aGermania.$0(OLS)http://pul/name/28094 240 10$aBürgerliches Gesetzbuch$9(Germania).$0(OLS)http://pul/title/51678 245 10$aBürgerliches Gesetzbuch :$bmit Einführungsgesetz und Ergänzungsbestimmungen. 250 $a33. Auf. 260 $aMünchen :$bBeck,$c1933. 300 $ax, 660 p. ;$c16 cm 650 4$aDiritto civile$zGermania.$0(OLS)http://pul/subject/10024 850 $aPUL 852 $aPUL$W1$xDP2 Diritto e Scienze Sociali 1$y65$m171 D 37bis$j51869$nBK-PRI$qStampati$B51869$CPULBib$Z2$F51869 $82 941 1 $a8 961 $aPrecedente collocazione: 26 B 55.Timbro sul front.: Bibliotheca Pontificium Institutum Utriusque Iuris. 996 $6245$aBürgerliches Gesetzbuch :$bmit Einführungsgesetz und Ergänzungsbestimmungen$9(OLS)http://pul/title/51684 996 $6260$aMünchen :$bBeck$9(OLS)http://pul/publisher/50375 LEADER 00971nam a2200253 u 4500 001 000000045425 003 CaOOAMICUS 005 20070226114648.0 008 990531s1961 it u000 u ita u 035 $a10824991 040 $aPUL(R)$bita 041 0 $aita$agrc$alat 100 1 $aTalamanca, Mario.$0(OLS)http://pul/name/4682 245 10$aRevoca testamentaria e "translatio legati" /$cMario Talamanca. 260 $aMilano :$bGiuffrè,$c1961. 300 $a170 p. ;$c25 cm 504 $aBibliografia in nota. 650 4$aTestamento (diritto romano)$xFonti.$0(OLS)http://pul/subject/1513 850 $aPUL 852 $aPUL$W1$xSL Diritto e Scienze Sociali 1$y4$m187 H 133$j61033$nBK-PRI$b $qStampati$B61033$CPULBib$Z2$F61033 $H $81 941 1 $a8 961 $aINV: 66659 996 $6245$aRevoca testamentaria e "translatio legati"$9(OLS)http://pul/title/61242 996 $6260$aMilano :$bGiuffrè$9(OLS)http://pul/publisher/48401